Responses for Show #7546 - Monday, June 5, 2017

Contestants

[<< previous game]

Chantelle Schofield, an E.R. social worker from Fort Myers, Florida

Buzz Newberry, an owner of a drug and DNA testing laboratory from Dallas, Texas

Joe Nguyen, an attorney from New York, New York (whose 3-day cash winnings total $77,202)

[next game >>]

Jeopardy! Round responses

CLASSICAL MUSIC AT THE BALLPARK
JUST WHAT I NEED
NOVELS
FAMILIAR PHRASES FLIPPED
(Alex: Think of Yoda.)
DONE THERE
BEEN THAT
    $200 1
Mozart

Joe
    $200 5
a totem pole

Chantelle
    $200 11
Uncle Tom's Cabin

Joe
    $200 27
this too shall pass

Joe
    $200 16
thunder

Joe
    $200 20
Jack Ryan

Chantelle
    $400 2
Vivaldi

Joe
    $400 6
a spork

Buzz
    $400 12
(Chantelle: What is Rabbit, Run?)

The Witches of Eastwick

BuzzChantelle
    $400 28
nothing could be further from the truth

Joe
    $400 17
an ant

Buzz
    $400 21
(Buzz: Who is Pontius Pilate?)

Jesus Christ

BuzzChantelle
    $600 3
the Brandenburg Concertos

Joe
    $600 7
(Joe: What is the samba?)
(Chantelle: What is the lambada?)

the bossa nova

JoeChantelle
Triple Stumper
    $600 13
The Vicar of Wakefield

Triple Stumper
    $600 29
(Buzz: What is praise the Lord, pass the ammunition?)
[Originally ruled correct, ruled incorrect at the start of Double Jeopardy!.]

praise the Lord and pass the ammunition

Buzz
Triple Stumper
    $600 18
kites

Chantelle
    $600 22
Thomas Crown

Joe
    $800 4
(Richard) Wagner

Chantelle
    $800 9
the Hope Diamond

Chantelle
    $800 14
(William) Burroughs

Buzz
    $800 30
(Joe: What is, uh... a tide lifts all rising boats?)

a rising tide lifts all boats

JoeBuzz
    $800 19
the Philippines

Triple Stumper
    $800 23
Rose

Chantelle
    $1000 8
Haydn

Joe
    $1000 10
(Alex: First woman to swim the English Channel.)

Gertrude Ederle

Joe
    $1,000 15
(Alex: Buzz?)
(Buzz: What is...I have no idea.)
...
(Alex: James Fenimore Cooper.)

The Last of the Mohicans

Buzz
    $1000 26
Victory has a hundred fathers and defeat is an orphan

Triple Stumper
    $1000 25
the haka

Buzz
    $1000 24
Rhodey (or War Machine)

Joe

Scores at the first commercial break (after clue 15):

Joe Buzz Chantelle
$2,800 $600 $800

Scores at the end of the Jeopardy! Round:

Joe Buzz Chantelle
$4,400 $1,800 $2,800

Double Jeopardy! Round responses

IT STARTS WITH THE "END"
SCIENCE TERMS
THE REVOLUTIONARY WAR
LIFE IS JUST A BOWL OF CHERRIES
STATE NAMES
TV DOCTORS
    $400 1
endurance

Joe
    $400 22
(Alex: Less than a minute now.)

seismology

Chantelle
    $400 15
(Joe: Who is Washington?)

King George III

Joe
Triple Stumper
    $400 6
cherry pie

Chantelle
    $400 16
West Virginia

Joe
    $400 21
Alan Alda

Chantelle
    $800 2
the end user

Buzz
    $800 25
a double helix

Buzz
    $800 11
smallpox

Chantelle
    $800 7
(Chantelle: What is armagnac?)

brandy

JoeChantelle
    $2,000 17
(Joe: What is Washington?)

Wisconsin

Joe
    $800 27
General Hospital

Joe
    $1200 3
an endorsement

Joe
    $1200 26
a transporter

Chantelle
    $2,000 12
the St. Lawrence

Chantelle
    $1200 8
a cherry picker

Joe
    $1200 18
woods

Joe
    $1600 4
(Buzz: What is an end around?)

an end run

Buzz
Triple Stumper
    $1600 23
inside

Joe
    $1600 13
(Joe: What is Saratoga?)

Fort Ticonderoga

Joe
Triple Stumper
    $1600 9
Bing

Joe
    $1600 19
Louisiana

Joe
    $2000 5
endearing

Chantelle
    $2000 24
fermentation

Chantelle
    $2000 14
(Alex: And they were [*].)

the Howes

Triple Stumper
    $2000 10
(Joe: What is Kansas?)

Nebraska

Joe
Triple Stumper
    $2000 20
the Cherokee

Triple Stumper
    $2000 28
[The end-of-round signal sounds.]

Bewitched

Chantelle

Scores at the end of the Double Jeopardy! Round:

Joe Buzz Chantelle
$9,200 $1,800 $13,200

[wagering suggestions for these scores]

Final Jeopardy! Round responses

WORLD TRANSPORTATION
(Alex: [To Joe] The Train à Grande Vitesse, in France.)
BuzzWhat is the Orient Express
$1,800
JoeWhat is TGV?
$4,001
ChantelleWhat is the trans Siberian railroad
$5,202
the Trans-Siberian Railroad

Final scores:

Joe Buzz Chantelle
$5,199 $0 $18,402
2nd place: $2,000 3rd place: $1,000 New champion: $18,402

Game dynamics:

Coryat scores:

Joe Buzz Chantelle
$11,200 $2,800 $12,400
21 R,
6 W
(including 1 DD)
8 R,
4 W
(including 1 DD)
16 R
(including 1 DD),
3 W

Combined Coryat: $26,400

[game clues] [game scores] [suggest correction]

Game tape date: Unknown
The J! Archive is created by fans, for fans. Scraping, republication, monetization, and malicious use prohibited; this site may use cookies and collect identifying information. See terms. The Jeopardy! game show and all elements thereof, including but not limited to copyright and trademark thereto, are the property of Jeopardy Productions, Inc. and are protected under law. This website is not affiliated with, sponsored by, or operated by Jeopardy Productions, Inc. Join the discussion at JBoard.tv.